[Event "First Saturday 2011 june FM-A"]
[Site "Budapest"]
[Date "2011.06.10"]
[Round "7"]
[White "Gulyas, Attila"]
[Black "Lakat, Gyula"]
[Result "1-0"]
[WhiteElo "2026"]
[BlackElo "1899"]
[PlyCount "41"]
[EventDate "2011.06.04"]

1. e4 Nc6 2. Nf3 d6 3. d4 Bg4 4. c3 Qd7 5. Bb5 Bxf3 6. Qxf3 a6 7. Ba4 b5 8. Bb3
e6 9. Be3 Rb8 10. Nd2 g6 11. O-O Bg7 12. Qh3 h5 13. f4 Na5 14. Bc2 f5 15. d5
Ne7 16. dxe6 Qxe6 17. exf5 gxf5 18. Ba7 O-O 19. Bxb8 Rxb8 20. Rae1 Qf7 21. Nf3
1-0

[Event "First Saturday 2011 june FM-A"]
[Site "Budapest"]
[Date "2011.06.10"]
[Round "7"]
[White "Bianchetti, Raoul"]
[Black "Ritter, Gabor"]
[Result "1/2-1/2"]
[WhiteElo "1986"]
[BlackElo "2083"]
[PlyCount "53"]
[EventDate "2011.06.04"]

1. d4 Nf6 2. f4 d5 3. Nf3 c5 4. e3 g6 5. c3 Bg7 6. Bd3 c4 7. Bc2 Bf5 8. O-O
Bxc2 9. Qxc2 Ne4 10. Nbd2 Nxd2 11. Bxd2 f5 12. b3 Qc8 13. Rab1 b5 14. bxc4 bxc4
15. Rb5 e6 16. Rfb1 O-O 17. Bc1 Nd7 18. Ba3 Re8 19. Qa4 Qc6 20. Qa5 Bf6 21. Bc5
Bd8 22. Qa3 Bb6 23. Bxb6 axb6 24. Qb2 Ra6 25. Ne5 Nxe5 26. fxe5 Rb8 27. a3
1/2-1/2

[Event "First Saturday 2011 june FM-A"]
[Site "Budapest"]
[Date "2011.06.10"]
[Round "7"]
[White "Havaskori, Laszlo"]
[Black "Darazs, Zoltan"]
[Result "1-0"]
[WhiteElo "2084"]
[BlackElo "2203"]
[PlyCount "59"]
[EventDate "2011.06.04"]

1. d4 Nf6 2. Nf3 g6 3. c4 Bg7 4. Nc3 d5 5. e3 O-O 6. Be2 c5 7. O-O dxc4 8. Bxc4
a6 9. a4 cxd4 10. exd4 Qc7 11. Qe2 Bg4 12. Be3 Nc6 13. h3 Bxf3 14. Qxf3 Nxd4
15. Bxf7+ Rxf7 16. Bxd4 Nh5 17. Qe3 e5 18. Bb6 Qc6 19. a5 Nf4 20. Qe4 Qe6 21.
Rfd1 Rc8 22. Nd5 Nxd5 23. Rxd5 Rf4 24. Qd3 Rfc4 25. Rd1 e4 26. Qb3 h5 27. Rd7
Qc6 28. R1d6 Qa4 29. Qxa4 Rxa4 30. Rxg6 1-0

[Event "First Saturday 2011 june FM-A"]
[Site "Budapest"]
[Date "2011.06.10"]
[Round "7"]
[White "Tran, Minh Thang"]
[Black "Xu, Fei"]
[Result "1-0"]
[WhiteElo "2101"]
[BlackElo "1951"]
[PlyCount "101"]
[EventDate "2011.06.04"]

1. d4 d5 2. Bf4 Nf6 3. e3 c5 4. dxc5 Nc6 5. Bb5 Qa5+ 6. Nc3 a6 7. Bxc6+ bxc6 8.
Qd4 e6 9. b4 Qd8 10. Nge2 a5 11. Nc1 axb4 12. N3e2 Qa5 13. Nb3 Qb5 14. Nec1 Be7
15. Nd3 Ra4 16. Be5 O-O 17. O-O Ne8 18. Bg3 f6 19. f4 Ba6 20. e4 Qc4 21. Bf2
dxe4 22. Qd7 exd3 23. cxd3 Qd5 24. Qxe7 e5 25. fxe5 Qxe5 26. Qd7 Qd5 27. Qxd5+
cxd5 28. Rfd1 Nc7 29. c6 Ne6 30. Bg3 Bb5 31. Re1 Kf7 32. Rxe6 Kxe6 33. Nd4+ Kf7
34. Nxb5 b3 35. c7 b2 36. Rb1 Rxa2 37. Kf2 Ke6 38. Nd6 Kd7 39. c8=Q+ Rxc8 40.
Nxc8 Kxc8 41. Ke2 Kd7 42. Bf2 Kc6 43. Bd4 Ra4 44. Ke3 f5 45. Bxb2 g6 46. Be5
Ra2 47. Rb2 Ra3 48. Rc2+ Kb5 49. Kd4 Kb6 50. Bd6 Rb3 51. Rc8 1-0

[Event "First Saturday 2011 june FM-A"]
[Site "Budapest"]
[Date "2011.06.10"]
[Round "7"]
[White "Taube, Hubertus"]
[Black "Sverisson, Nokkvi"]
[Result "1-0"]
[WhiteElo "2086"]
[BlackElo "1869"]
[PlyCount "65"]
[EventDate "2011.06.04"]

1. d4 Nf6 2. c4 e6 3. Nc3 c5 4. d5 exd5 5. cxd5 d6 6. g3 g6 7. Bg2 a6 8. a4 Bg7
9. Nf3 O-O 10. O-O Re8 11. h3 Nbd7 12. Kh2 Rb8 13. a5 b5 14. axb6 Nxb6 15. Nd2
Nfd7 16. f4 Qc7 17. e4 c4 18. Na4 Nxa4 19. Qxa4 c3 20. bxc3 Bxc3 21. Ra2 Rb5
22. Rc2 Nb6 23. Qa3 Rc5 24. Nb3 Rc4 25. Be3 Bb4 26. Qxb4 Rxc2 27. Bxb6 Qd7 28.
Rf2 Rxf2 29. Bxf2 Bb7 30. Na5 Ba8 31. Qd4 Qc7 32. Be1 Qc2 33. Bc3 1-0

[Event "First Saturday 2011 june FM-A"]
[Site "Budapest"]
[Date "2011.06.11"]
[Round "8"]
[White "Lakat, Gyula"]
[Black "Sverisson, Nokkvi"]
[Result "0-1"]
[WhiteElo "1899"]
[BlackElo "1869"]
[PlyCount "120"]
[EventDate "2011.06.04"]

1. e4 c5 2. Nf3 d6 3. d4 cxd4 4. Nxd4 Nf6 5. Nc3 g6 6. Be3 Bg7 7. f3 O-O 8. Qd2
Nc6 9. Nb3 Be6 10. Bh6 Rc8 11. Bxg7 Kxg7 12. Rd1 Qb6 13. Na4 Qc7 14. Nc3 a6 15.
Nd4 Rfd8 16. Nxe6+ fxe6 17. Bc4 d5 18. exd5 exd5 19. Bd3 e5 20. Qf2 d4 21. Ne4
Nxe4 22. Bxe4 Qa5+ 23. Qd2 Qxa2 24. O-O Qe6 25. f4 exf4 26. Rxf4 Ne5 27. Rh4
Rc7 28. Qh6+ Kg8 29. Qg5 Nf7 30. Qg3 Rcd7 31. Re1 Re7 32. Re2 Rde8 33. b3 Kg7
34. Qf2 Qd6 35. Bd3 Re3 36. Re4 R8xe4 37. Bxe4 Qe5 38. Bd3 Rxe2 39. Bxe2 Ng5
40. Bd3 b5 41. Qd2 Ne6 42. Be2 Qe3+ 43. Qxe3 dxe3 44. Kf1 Kf6 45. c4 Nd4 46.
cxb5 axb5 47. Ke1 b4 48. Bc4 Ke5 49. Kd1 g5 50. Bg8 h5 51. Bf7 h4 52. h3 Kf4
53. Ke1 Kg3 54. Bd5 e2 55. Bb7 Nxb3 56. Kxe2 Nc5 57. Ba8 b3 58. Kd2 b2 59. Kc2
Nd3 60. Bb7 Nf4 0-1

[Event "First Saturday 2011 june FM-A"]
[Site "Budapest"]
[Date "2011.06.11"]
[Round "8"]
[White "Xu, Fei"]
[Black "Taube, Hubertus"]
[Result "1-0"]
[WhiteElo "1951"]
[BlackElo "2086"]
[PlyCount "39"]
[EventDate "2011.06.04"]

1. e4 c6 2. d4 d5 3. Nd2 dxe4 4. Nxe4 Nf6 5. Nxf6+ gxf6 6. Nf3 Bf5 7. c3 Nd7 8.
Bf4 Qb6 9. Qd2 O-O-O 10. Bc4 Be6 11. Bxe6 fxe6 12. Qe2 Qb5 13. Qxe6 Qxb2 14.
O-O h5 15. Nh4 Bh6 16. Rab1 Qa3 17. Bg3 Rdg8 18. Rxb7 Kxb7 19. Qxd7+ Kb6 20.
Rb1+ 1-0

[Event "First Saturday 2011 june FM-A"]
[Site "Budapest"]
[Date "2011.06.11"]
[Round "8"]
[White "Hocevar, Nikola"]
[Black "Bianchetti, Raoul"]
[Result "1/2-1/2"]
[WhiteElo "2034"]
[BlackElo "1986"]
[PlyCount "40"]
[EventDate "2011.06.04"]

1. c4 e6 2. d4 d5 3. Nf3 f5 4. Nc3 Nf6 5. g3 c6 6. cxd5 exd5 7. Bg2 Bd6 8. O-O
O-O 9. Ne5 Qe7 10. Nd3 Nbd7 11. Rb1 Ne4 12. Qe1 Nb6 13. e3 Bd7 14. f3 Nxc3 15.
bxc3 Rab8 16. Qf2 Nc4 17. Nb2 Na3 18. Ra1 b5 19. Nd3 a5 20. Qe2 a4 1/2-1/2

[Event "First Saturday 2011 june FM-A"]
[Site "Budapest"]
[Date "2011.06.11"]
[Round "8"]
[White "Gulyas, Attila"]
[Black "Juracsik, Jozsef"]
[Result "0-1"]
[WhiteElo "2026"]
[BlackElo "2133"]
[PlyCount "116"]
[EventDate "2011.06.04"]

1. e4 c5 2. c3 d6 3. d4 Nf6 4. dxc5 Nc6 5. Bd3 dxc5 6. h3 c4 7. Bxc4 Qxd1+ 8.
Kxd1 Nxe4 9. Ke2 Nd6 10. Bd5 Bd7 11. Nf3 e6 12. Bxc6 Bxc6 13. b3 Be7 14. Bf4 f6
15. Bxd6 Bxd6 16. Rd1 Bc5 17. Nbd2 e5 18. b4 Be7 19. a4 Bd5 20. c4 Be6 21. c5
a5 22. Rab1 axb4 23. Rxb4 Bxc5 24. Rxb7 O-O 25. Ne4 Bc4+ 26. Ke1 Ba3 27. Rdd7
Rf7 28. Rxf7 Bxf7 29. Nc3 Be8 30. Nh4 Bxa4 31. Nf5 Bf8 32. Nd5 Bc2 33. Nfe7+
Bxe7 34. Rxe7 Be4 35. Ne3 Ra2 36. Rd7 Bc6 37. Rd2 Ra1+ 38. Rd1 Rxd1+ 39. Kxd1
g5 40. Ke2 Kf7 41. g4 Be4 42. f3 Bc6 43. Kf2 Ke6 44. Nf5 Be8 45. Ng7+ Kd7 46.
Nf5 Bg6 47. Ne3 Kd6 48. Kg3 Kc5 49. Kf2 Kd4 50. Nf1 f5 51. Ng3 f4 52. Ne2+ Kc4
53. Nc1 Bd3 54. Ke1 Kd4 55. Kf2 Bc4 56. Ne2+ Bxe2 57. Kxe2 Kc3 58. Ke1 Kd3 0-1

[Event "First Saturday 2011 june FM-A"]
[Site "Budapest"]
[Date "2011.06.12"]
[Round "9"]
[White "Juracsik, Jozsef"]
[Black "Lakat, Gyula"]
[Result "1-0"]
[WhiteElo "2133"]
[BlackElo "1899"]
[PlyCount "65"]
[EventDate "2011.06.04"]

1. e4 c5 2. Nf3 d6 3. d4 cxd4 4. Nxd4 Nf6 5. Nc3 a6 6. h3 Nc6 7. Be3 g6 8. g4
Bg7 9. Bg2 Nxd4 10. Qxd4 O-O 11. Qd2 Nd7 12. f4 Qa5 13. O-O Bxc3 14. bxc3 Nc5
15. f5 Bd7 16. Bd4 f6 17. g5 fxg5 18. Qxg5 Ne6 19. Qxe7 Nxd4 20. cxd4 Rf7 21.
Qxd6 gxf5 22. Rad1 Rg7 23. Kh2 Rd8 24. Qd5+ Qxd5 25. exd5 b5 26. Rf2 Rc8 27.
Rd3 b4 28. a3 a5 29. axb4 axb4 30. d6 Rg6 31. Rb3 Ba4 32. Rxb4 Bxc2 33. d7 1-0

[Event "First Saturday 2011 june FM-A"]
[Site "Budapest"]
[Date "2011.06.12"]
[Round "9"]
[White "Bianchetti, Raoul"]
[Black "Gulyas, Attila"]
[Result "1-0"]
[WhiteElo "1986"]
[BlackElo "2026"]
[PlyCount "66"]
[EventDate "2011.06.04"]

1. d4 Nf6 2. f4 d6 3. e3 g6 4. Bd3 Bg7 5. Nf3 O-O 6. c3 Nbd7 7. O-O e5 8. fxe5
dxe5 9. e4 Re8 10. Qc2 c6 11. Nbd2 b5 12. a4 Qb6 13. a5 Qd8 14. b4 Qe7 15. d5
cxd5 16. Bxb5 Rb8 17. Bd3 Bb7 18. Ba3 Rec8 19. Rfe1 dxe4 20. Nxe4 Nxe4 21. Bxe4
Bxe4 22. Rxe4 f5 23. Qa2+ Kh8 24. Rc4 e4 25. Nd4 Ne5 26. b5 Qd7 27. Rxc8+ Qxc8
28. Qb3 Nd3 29. Rb1 Qd7 30. Nc6 Rc8 31. h3 a6 32. Nd4 Rxc3 33. Qe6 Bxd4+ 1-0

[Event "First Saturday 2011 june FM-A"]
[Site "Budapest"]
[Date "2011.06.12"]
[Round "9"]
[White "Havaskori, Laszlo"]
[Black "Hocevar, Nikola"]
[Result "0-1"]
[WhiteElo "2084"]
[BlackElo "2034"]
[PlyCount "50"]
[EventDate "2011.06.04"]

1. d4 d5 2. Nf3 Nf6 3. Bf4 c5 4. c3 e6 5. e3 Nc6 6. Nbd2 Bd6 7. Bg3 O-O 8. Bd3
Re8 9. Ne5 Bxe5 10. dxe5 Nd7 11. Nf3 h6 12. Bb1 f5 13. exf6 Nxf6 14. Bg6 Rf8
15. Qc2 Qe7 16. h4 e5 17. h5 Bd7 18. Nh4 Be8 19. O-O-O Rd8 20. Qe2 Qc7 21. Bh2
Ne7 22. f4 Bxg6 23. hxg6 Ne4 24. Nf3 Nxg6 25. fxe5 Qa5 0-1

[Event "First Saturday 2011 june FM-A"]
[Site "Budapest"]
[Date "2011.06.12"]
[Round "9"]
[White "Tran, Minh Thang"]
[Black "Ritter, Gabor"]
[Result "1-0"]
[WhiteElo "2101"]
[BlackElo "2083"]
[PlyCount "67"]
[EventDate "2011.06.04"]

1. d4 Nf6 2. Bf4 g6 3. e3 Bg7 4. Nf3 O-O 5. Be2 d6 6. h3 Nbd7 7. O-O b6 8. Nbd2
Bb7 9. c3 Ne4 10. Qc2 Ndf6 11. a4 a5 12. Rfd1 Qe8 13. Bb5 Bc6 14. c4 Nxd2 15.
Rxd2 Bd7 16. d5 c6 17. dxc6 Bxc6 18. Qb3 Ne4 19. Rc2 Bxb5 20. cxb5 Rc8 21. Rac1
Rxc2 22. Qxc2 Nc5 23. e4 Qa8 24. Be3 Rb8 25. Nd4 Qxe4 26. Qxe4 Nxe4 27. Nc6 Rb7
28. Nxa5 Rb8 29. Nc6 Ra8 30. Nxe7+ Kf8 31. Rc8+ Rxc8 32. Nxc8 Bxb2 33. Nxb6 Nc3
34. Nc4 1-0

[Event "First Saturday 2011 june FM-A"]
[Site "Budapest"]
[Date "2011.06.12"]
[Round "9"]
[White "Taube, Hubertus"]
[Black "Darazs, Zoltan"]
[Result "1/2-1/2"]
[WhiteElo "2086"]
[BlackElo "2203"]
[PlyCount "24"]
[EventDate "2011.06.04"]

1. d4 Nf6 2. c4 g6 3. Nc3 d5 4. cxd5 Nxd5 5. e4 Nxc3 6. bxc3 Bg7 7. Bc4 c5 8.
Ne2 O-O 9. O-O Nc6 10. Be3 Qc7 11. Rc1 Rd8 12. Qd2 Qa5 1/2-1/2

[Event "First Saturday 2011 june FM-A"]
[Site "Budapest"]
[Date "2011.06.12"]
[Round "9"]
[White "Sverisson, Nokkvi"]
[Black "Xu, Fei"]
[Result "1/2-1/2"]
[WhiteElo "1869"]
[BlackElo "1951"]
[PlyCount "49"]
[EventDate "2011.06.04"]

1. e4 c5 2. Nf3 d6 3. d4 cxd4 4. Nxd4 Nf6 5. Nc3 a6 6. Be3 e5 7. Nb3 Be6 8. Qd2
Be7 9. f3 O-O 10. O-O-O Nbd7 11. g4 b5 12. g5 b4 13. gxf6 bxc3 14. Qxc3 Nxf6
15. Qa5 Qc8 16. Rd3 Bd8 17. Qd2 Bc7 18. Rg1 Kh8 19. Rc3 Ne8 20. Bc4 Bxc4 21.
Rxc4 Qe6 22. Rc6 a5 23. a4 Qc8 24. Qc3 Qd7 25. Nd2 1/2-1/2

[Event "First Saturday 2011 june FM-A"]
[Site "Budapest"]
[Date "2011.06.13"]
[Round "10"]
[White "Ritter, Gabor"]
[Black "Taube, Hubertus"]
[Result "1/2-1/2"]
[WhiteElo "2083"]
[BlackElo "2086"]
[PlyCount "76"]
[EventDate "2011.06.04"]

1. d4 f5 2. Nc3 d5 3. Bg5 c6 4. e3 Nd7 5. Bd3 Ndf6 6. Nge2 Ne4 7. Bf4 e6 8. O-O
Ngf6 9. f3 Nxc3 10. Nxc3 Bb4 11. Ne2 O-O 12. c3 Bd6 13. Bxd6 Qxd6 14. f4 c5 15.
dxc5 Qxc5 16. Nd4 Bd7 17. Rf3 b5 18. Qd2 Rfc8 19. Rff1 a5 20. a3 Rab8 21. Rac1
Qb6 22. h3 Rc7 23. Kh1 h5 24. Qf2 Kf7 25. Nf3 g6 26. Ne5+ Kg7 27. Bb1 Be8 28.
Rg1 Kf8 29. Qh4 Nd7 30. Nxd7+ Rxd7 31. Qf6+ Bf7 32. Qh8+ Ke7 33. Qe5 Qc7 34.
Qd4 Rdd8 35. Bd3 Rdc8 36. Rc2 Qc5 37. Qe5 Qd6 38. Qd4 Qc5 1/2-1/2

[Event "First Saturday 2011 june FM-A"]
[Site "Budapest"]
[Date "2011.06.13"]
[Round "10"]
[White "Hocevar, Nikola"]
[Black "Tran, Minh Thang"]
[Result "0-1"]
[WhiteElo "2034"]
[BlackElo "2101"]
[PlyCount "82"]
[EventDate "2011.06.04"]

1. d4 e6 2. Nf3 f5 3. c4 Nf6 4. Nc3 Bb4 5. e3 O-O 6. Bd2 b6 7. Bd3 Bb7 8. Qc2
Na6 9. a3 Be7 10. e4 fxe4 11. Nxe4 Nxe4 12. Bxe4 Bxe4 13. Qxe4 c5 14. d5 Nc7
15. O-O exd5 16. cxd5 Bf6 17. Rab1 Qe8 18. Qd3 Qh5 19. d6 Qd5 20. Qxd5+ Nxd5
21. Rfd1 b5 22. Bg5 Nb6 23. Bxf6 Rxf6 24. b3 Re8 25. a4 a6 26. axb5 axb5 27.
Rbc1 Rf5 28. Kf1 Kf8 29. Ra1 Nd5 30. Ra7 Rd8 31. Rc1 Nf6 32. Ra5 Rb8 33. Ra7
Rb6 34. Rc7 Rc6 35. b4 cxb4 36. R7xc6 dxc6 37. Nd4 Rd5 38. Nxc6 b3 39. Rb1 Ne4
40. Ke1 Nc3 41. f4 Nxb1 0-1

[Event "First Saturday 2011 june FM-A"]
[Site "Budapest"]
[Date "2011.06.13"]
[Round "10"]
[White "Gulyas, Attila"]
[Black "Havaskori, Laszlo"]
[Result "1-0"]
[WhiteElo "2026"]
[BlackElo "2084"]
[PlyCount "33"]
[EventDate "2011.06.04"]

1. e4 c5 2. d4 cxd4 3. c3 dxc3 4. Nxc3 e6 5. Nf3 Nc6 6. Bc4 a6 7. Qe2 d6 8. O-O
Ne5 9. Nxe5 dxe5 10. Rd1 Qc7 11. Nb5 axb5 12. Bxb5+ Ke7 13. Bg5+ f6 14. Rac1
Qb8 15. Qd3 Nh6 16. Qd8+ Kf7 17. Qe8+ 1-0

[Event "First Saturday 2011 june FM-A"]
[Site "Budapest"]
[Date "2011.06.14"]
[Round "11"]
[White "Havaskori, Laszlo"]
[Black "Juracsik, Jozsef"]
[Result "0-1"]
[WhiteElo "2084"]
[BlackElo "2133"]
[PlyCount "78"]
[EventDate "2011.06.04"]

1. d4 Nf6 2. c4 g6 3. Nc3 Bg7 4. e4 d6 5. Nf3 O-O 6. Bd3 e5 7. d5 Nbd7 8. h3
Nc5 9. Bc2 a5 10. g4 c6 11. Be3 cxd5 12. cxd5 Ne8 13. Qd2 Bd7 14. a4 f6 15. Rg1
Qc8 16. Nh4 Rf7 17. Ra3 b6 18. Bd3 Nc7 19. f3 N7a6 20. Bxa6 Qxa6 21. Bxc5 bxc5
22. Qe2 c4 23. Qe3 Rb8 24. Rg2 Rb4 25. Kd1 Be8 26. Kc1 Rfb7 27. Rd2 Qa8 28. Ng2
Qb8 29. Ra2 Rb3 30. h4 R7b4 31. f4 exf4 32. Nxf4 f5 33. Nfe2 fxg4 34. Nd4 Qb6
35. h5 g3 36. h6 Be5 37. Qg5 Rxc3+ 38. bxc3 Rb1+ 39. Kc2 Bxd4 0-1

[Event "First Saturday 2011 june FM-A"]
[Site "Budapest"]
[Date "2011.06.14"]
[Round "11"]
[White "Tran, Minh Thang"]
[Black "Gulyas, Attila"]
[Result "1-0"]
[WhiteElo "2101"]
[BlackElo "2026"]
[PlyCount "111"]
[EventDate "2011.06.04"]

1. d4 d5 2. Bf4 e6 3. e3 Bd6 4. Bxd6 Qxd6 5. Qg4 g6 6. Nd2 Ne7 7. f4 c5 8. c3
Qb6 9. O-O-O cxd4 10. exd4 e5 11. Qe2 exd4 12. Qe5 f6 13. Qxd4 Qxd4 14. cxd4
Nbc6 15. Nb3 Kf7 16. a3 Bf5 17. Bd3 Rac8 18. Kd2 a5 19. Ne2 Bg4 20. a4 Rhe8 21.
Rhe1 Nb4 22. Rc1 Nxd3 23. Kxd3 Bf5+ 24. Kd2 b6 25. Nc3 Red8 26. h3 Be6 27. Re2
Rc4 28. g4 Rb4 29. Rce1 Rd6 30. Nb5 Rc6 31. Na7 Rxb3 32. Nxc6 Rxb2+ 33. Kc3
Rxe2 34. Nd8+ Ke8 35. Rxe2 Bd7 36. Ne6 Kf7 37. Nc7 Bc6 38. Kb3 h5 39. Re6 hxg4
40. hxg4 Bd7 41. Rxb6 Nc6 42. Nxd5 Nxd4+ 43. Kc4 Ne6 44. Rb7 Nf8 45. Nb6 Ke6
46. f5+ gxf5 47. gxf5+ Kd6 48. Nxd7 Nxd7 49. Rxd7+ Kxd7 50. Kd5 Ke7 51. Kc6 Ke8
52. Kd6 Kf7 53. Kd7 Kg8 54. Ke6 Kf8 55. Kxf6 Kg8 56. Ke7 1-0

[Event "First Saturday 2011 june FM-A"]
[Site "Budapest"]
[Date "2011.06.14"]
[Round "11"]
[White "Xu, Fei"]
[Black "Darazs, Zoltan"]
[Result "1/2-1/2"]
[WhiteElo "1951"]
[BlackElo "2203"]
[PlyCount "21"]
[EventDate "2011.06.04"]

1. e4 e5 2. Nf3 Nc6 3. Bb5 a6 4. Ba4 Nf6 5. Qe2 b5 6. Bb3 Be7 7. O-O O-O 8. c3
d6 9. h3 Na5 10. Bc2 c5 11. d3 1/2-1/2